[Event "Sombor Milicevic Memorial"]
[Site "Sombor"]
[Date "2019.10.18"]
[Round "5"]
[White "Pavkovic, Ognjen"]
[Black "Mihalek, Luka"]
[Result "1-0"]
[WhiteElo "1041"]
[BlackElo "1285"]
[PlyCount "29"]
[EventDate "2019.10.09"]
[EventType "swiss"]
[EventRounds "9"]
[EventCountry "SRB"]
[SourceTitle "CBM 192 Extra"]
[Source "Chessbase"]
[SourceDate "2019.11.06"]
[SourceVersion "1"]
[SourceVersionDate "2019.11.06"]
[SourceQuality "1"]

1. e4 e5 2. Nf3 Nf6 3. Nxe5 d5 4. exd5 Nxd5 5. Bc4 Qe7 6. Qe2 f6 7. Nf7 Qxe2+ 8. Kxe2 Kxf7 9. Bxd5+ Ke8 10. Nc3 c6 11. Bb3 Bc5 12. Re1 Kd8 13. Kf1 Bf5 14. d3 Nd7 15. a3 1-0

[Event "Sombor Milicevic Memorial"]
[Site "Sombor"]
[Date "2019.10.14"]
[Round "3"]
[White "Pastrovic, Nenad"]
[Black "Mihalek, Luka"]
[Result "1-0"]
[WhiteElo "1554"]
[BlackElo "1285"]
[PlyCount "81"]
[EventDate "2019.10.09"]
[EventType "swiss"]
[EventRounds "9"]
[EventCountry "SRB"]
[SourceTitle "CBM 192 Extra"]
[Source "Chessbase"]
[SourceDate "2019.11.06"]
[SourceVersion "1"]
[SourceVersionDate "2019.11.06"]
[SourceQuality "1"]

1. e4 e5 2. Nf3 Nc6 3. Bc4 Bc5 4. 0-0 Nf6 5. d3 0-0 6. Bg5 h6 7. Bh4 a6 8. Nc3 b5 9. Bb3 Re8 10. Nd5 Re6 11. Nxf6+ Rxf6 12. Bxf6 Qxf6 13. Bd5 Rb8 14. c3 a5 15. Bxc6 dxc6 16. d4 exd4 17. cxd4 Ba7 18. Ne5 c5 19. Rc1 cxd4 20. Rxc7 Bb6 21. Nd7 Bxd7 22. Rxd7 Re8 23. Qf3 Qe6 24. Qf5 Qxa2 25. Qxb5 Qe6 26. Rd6 Qxd6 27. Qxe8+ Kh7 28. Qxf7 Qb4 29. Qf5+ Kg8 30. Rc1 Qe7 31. Rc8+ Bd8 32. Qd5+ Kh7 33. Rxd8 Qc7 34. Qf5+ g6 35. Rd7+ Qxd7 36. Qxd7+ Kg8 37. e5 d3 38. e6 d2 39. Qxd2 a4 40. Qd7 Kf8 41. Qf7# 1-0

[Event "Sombor Milicevic Memorial"]
[Site "Sombor"]
[Date "2019.10.11"]
[Round "2"]
[White "Mihalek, Luka"]
[Black "Stanisavljevic, Tijana"]
[Result "0-1"]
[WhiteElo "1285"]
[BlackElo "1405"]
[PlyCount "70"]
[EventDate "2019.10.09"]
[EventType "swiss"]
[EventRounds "9"]
[EventCountry "SRB"]
[SourceTitle "CBM 192 Extra"]
[Source "Chessbase"]
[SourceDate "2019.11.06"]
[SourceVersion "1"]
[SourceVersionDate "2019.11.06"]
[SourceQuality "1"]

1. e4 e5 2. Nf3 Nc6 3. Bc4 Nf6 4. d3 Bc5 5. 0-0 h6 6. Re1 0-0 7. c3 d6 8. h3 Re8 9. Nbd2 a6 10. Nf1 Be6 11. Bxe6 Rxe6 12. d4 exd4 13. cxd4 Bb4 14. Bd2 Rxe4 15. Rxe4 Nxe4 16. Bxb4 Nxb4 17. Qb3 a5 18. Qc4 Nf6 19. a3 Nbd5 20. Ng3 Nb6 21. Qc2 Nfd5 22. Nf5 Qf6 23. Re1 Rc8 24. Qe4 Kf8 25. Ng3 c6 26. Qh7 Ne7 27. b4 axb4 28. axb4 Nbd5 29. Qb1 Nc3 30. Qb3 Nb5 31. Qd3 Nd5 32. Qe2 Ra8 33. Ne4 Qg6 34. Kh1 Ra4 35. g3 Rxb4 0-1

[Event "Sombor Milicevic Memorial"]
[Site "Sombor"]
[Date "2019.10.09"]
[Round "1"]
[White "Delija, Dragan"]
[Black "Mihalek, Luka"]
[Result "1-0"]
[WhiteElo "1808"]
[BlackElo "1285"]
[PlyCount "79"]
[EventDate "2019.10.09"]
[EventType "swiss"]
[EventRounds "9"]
[EventCountry "SRB"]
[SourceTitle "CBM 192 Extra"]
[Source "Chessbase"]
[SourceDate "2019.11.06"]
[SourceVersion "1"]
[SourceVersionDate "2019.11.06"]
[SourceQuality "1"]

1. d4 Nf6 2. c4 g6 3. Nc3 d5 4. e3 Bg7 5. Nf3 Bg4 6. Be2 0-0 7. 0-0 e6 8. Ne5 Bxe2 9. Qxe2 Nc6 10. Nxc6 bxc6 11. Rd1 Rb8 12. c5 Re8 13. f4 Ne4 14. Nxe4 dxe4 15. Qa6 Qd5 16. Qxa7 Qh5 17. Re1 Rec8 18. Qa6 Qd5 19. Qe2 Rb7 20. a4 f5 21. a5 Rb4 22. Ra3 Qc4 23. Qxc4 Rxc4 24. Bd2 Rc2 25. Bc3 Kf7 26. a6 Ra8 27. a7 Bf6 28. Rea1 Re2 29. Rb3 Bh4 30. g3 Bf6 31. Rb8 Rxa7 32. Rxa7 Rxe3 33. Rxc7+ Be7 34. Rbb7 Rd3 35. Rxe7+ Kf8 36. Rec7 Rd1+ 37. Kf2 e3+ 38. Kxe3 Re1+ 39. Bxe1 Ke8 40. Rb8# 1-0